| 000 | 00370nam a2200133Ia 4500 | ||
|---|---|---|---|
| 008 | 210430s9999 xx 000 0 und d | ||
| 020 | _a978-0-12-220856-0 | ||
| 082 | _a660.63 D 693 B | ||
| 100 |
_aPauline M.Doran _953963 |
||
| 245 |
_aBioprocess Engineering Principles / _cPauline M.Doran |
||
| 260 |
_aNew york _bElsevier _c2011 |
||
| 300 | _a439 p | ||
| 942 |
_cBK _2ddc |
||
| 999 |
_c564928 _d564928 |
||